000 00365nam a22001337a 4500
999 _c533705
_d533705
020 _a978-1138628922
040 _cMSOHAIL333
082 _a333.910098
_bBOE
100 _aRutgerd Boelens
_927671
245 _aWater, Power and Identity: The Cultural Politics of Water in the Andes
260 _aLondon
_bRoutledge;
_cc2015
300 _a365;p;xv
942 _2ddc
_cBK